Score 0/31 Timer 04:00
2 Plays Today
CLUE 4-Letter Word % Correct
Moon walker Armstrong○ NEIL ○
97.4%
Device to secure a doorLOCK
97.3%
Daffy or Donald, e.g.DUCK
97.1%
Follows 'Lo' or 'Chow' on a menuMEIN
96.6%
Tomb Raider protagonist CroftLARA
96.4%
'No' to a BerlinerNEIN
96.2%
Prepare foodCOOK
96.1%
Wine stopperCORK
95.7%
Tease or ridiculeMOCK
95.5%
House for chickensCOOP
95.2%
Small metal spikeNAIL
95.1%
Robin Williams TV show ____ and MindyMORK
95.1%
MaliciousMEAN
95%
Harbour componentDOCK
94.9%
BucketPAIL
94.7%
Pained wail or groan○ MOAN ○
94.4%
CLUE 4-Letter Word % Correct
DawnMORN
94.2%
To be withoutLACK
94.2%
Socially inept personDORK
94.1%
Small ground-dwelling songbirdLARK
94%
Celebrity chef Wolfgang○ PUCK ○
92.5%
SurveyPOLL
90.3%
Cut with a knifeCHOP
90%
Coffin coveringPALL
89.9%
Small leakDRIP
89.7%
19th century American presidentPOLK
89.6%
Fall vertically○ DROP ○
89.5%
Rival of a BloodCRIP
88.6%
Boil or pimplePOCK
88.1%
One half of the Disney's Rescue RangersCHIP
87.3%
Songstress Bareilles OR Roseanne actress Gilbert○ SARA ○
86.2%

Today's Daily Dose

Missing Word
'D' in Video Games

Word Ladder
Lent Begins

Get the Picture
Antz or A Bug's Life?

You're not logged in!

Compare scores with friends on all Sporcle quizzes.
OR
Log In

Sporcle TV

Today on Sporcle TV


Watch our educational content, quiz creation guides, and fun videos on Sporcle TV.

Show Comments

Extras

Top Quizzes Today


Score Distribution

Paid Content

Your Account Isn't Verified!

In order to create a playlist on Sporcle, you need to verify the email address you used during registration. Go to your Sporcle Settings to finish the process.

Report this User

Report this user for behavior that violates our Community Guidelines.

Details: